1203 1673 1962 1435 1483 1858 1718 1497 1279 1267 1303 1107 1835 1665 1601 1507 1699 1890 1863 1711 1962 1790 1302 1822 1834 1230 1314 1689 1284 1492 1342 1689 1178 1701 1904 1387 1981 1544 1463 1865 1455 1434 1432 1918 1477 1601 1408 1861 1870 1628 1974 1637 1192 1237 1548 1952 1195 1773 1509 1343 1099 1806 1235 1095 1227 1877 1739 1155 1696 1585 1493 1246 1923 1316 1709 1418 1604 1316 1890 1944 1134 1318 1334 1804 1866 1273 1926 1047 1538 1280 1023 1055 1921 1466 1784 1928 1230 1791 1719 BCNSPRNW ULIB Ver.6.0+V

เปลี่ยนเป็นภาษาไทย

Change to English
 แสดงรายละเอียดบรรณานุกรม
  กลับหน้าหลัก

Brief Record : Get Marc (ISO 2709) : E-mail record : QR code < ปิดหน้าต่าง
LEADER : 00000nam 2200000uu 4500
001    13399112549
003     ULIB
008    110824s2554||||th 000 0 tha d
020    9786165020749
090    นว.^bจ195 2554
100 0  จอมจินดา
245 00 พรหมพยศกบฎหัวใจ/^cจอมจินดา
250    พิมพ์ครั้งที่ 1
260    กรุงเทพฯ :^bSubar Beat,^c2554
300    327 หน้า
945    ^p220^l0^i18518
995    กัณชพร
999    ^aใช้งานได้ทุกระบบ
รายการนี้ยังไม่มีแท็ก
คุณยังไม่ได้ล็อกอิน คุณสามารถมีกิจกรรมร่วมกับเว็บไซต์ได้ แต่ต้องล็อกอินก่อน ::
  ล็อกอิน

รายการสื่อสารสนเทศ

ลำดับที่ ประเภท เลขเรียก/บาร์โค้ด สถานที่ สถานะ
1. นวนิยาย
นวนิยาย
นว. จ195 2554  
  Barcode: 18518
ห้องสมุดวิทยาเขตสวรรค์ประชารักษ์
►นวนิยาย
บนชั้น
  ขอยืม

รายการใกล้เคียง
    ผู้แต่ง [จอมจินดา]

BibComment


ยังไม่เคยถูกคอมเมนท์

คอมเมนท์ทรัพยากรรายการนี้
  คอมเมนท์: พรหมพยศกบฎหัวใจ จ..


 Copyright 2026. Bcnsprnw @Library